000 01004nam a22001937a 4500
003 OSt
005 20260414072459.0
008 260414b |||||||| |||| 00| 0 eng d
040 _aDWCL GS lib
_cOC
082 _aFic. W684 2010
100 _aPublishing Ripley's
245 _aripley's publishing rbi fact or fiction? bureau of investigation:
_bsub-zero survival
_cRipley's Publishing
260 _aUnited States
_bRipley's Publishing
_cc2010
300 _a125
_billustrations
_c19cm
520 _aRipley's Bureau of Investigation (RBI) 6: Sub-Zero Survival is a children's fiction action-adventure book published by Ripley Publishing, targeting readers aged 7 to 12. While it is part of the "Ripley's Believe It or Not!" brand—which is renowned for gathering true, unusual facts—this book series follows a fictional team of teen agents with special gifts.
546 _aEnglish
700 _aRipley's Publishing
942 _2ddc
_cTEST
_hFic. W684 2010
_n0
999 _c9405
_d9405